| 000 | 01291cam a22003614a 4500 | ||
|---|---|---|---|
| 001 | 12184911 | ||
| 003 | NUST - PNEC | ||
| 005 | 20170116181122.0 | ||
| 008 | 000926s2001 enka 001 0 eng | ||
| 010 | _a 00049396 | ||
| 020 | _a0750648503 | ||
| 040 |
_aDLC _cLIBRARY _dDLC |
||
| 042 | _apcc | ||
| 050 | 0 | 0 |
_aVM159 _b.K44 2001 |
| 082 | _a623.83 KEM | ||
| 100 | 1 |
_aKemp, J. F. _q(John Frederick) |
|
| 245 | 1 | 0 |
_aShip stability notes & examples / _cKemp & Young ; revised by C.B. Barrass. |
| 246 | 3 | _aShip stability notes and examples | |
| 250 | _a3rd ed. | ||
| 260 |
_aOxford ; _aBoston : _bButterworth-Heinemann, _c2001. |
||
| 300 |
_axvi, 166 p. : _bill. ; _c21 cm. |
||
| 500 | _aRev. ed. of: Ship stability notes and examples / Kemp and Young. 1971. | ||
| 500 | _aIncludes index. | ||
| 650 | 0 |
_aStability of ships. _xME |
|
| 650 | 0 |
_aMathematics _vFormulae. |
|
| 700 | 1 |
_aYoung, Peter, _d1923- |
|
| 700 | 1 | _aBarrass, C. B. | |
| 856 | 4 | 2 |
_3Publisher description _uhttp://www.loc.gov/catdir/description/els031/00049396.html |
| 856 | 4 | 1 |
_3Table of contents _uhttp://www.loc.gov/catdir/toc/els031/00049396.html |
| 906 |
_a7 _bcbc _corignew _d1 _eocip _f20 _gy-gencatlg |
||
| 942 |
_2ddc _cBK |
||
| 999 |
_c69621 _d69621 |
||